Salaam (Record no. 20933)

MARC details
000 -LEADER
fixed length control field 00294nam a22001217a 4500
022 ## -
-- 0970-5384
245 ## - TITLE STATEMENT
Title Salaam
260 ## - PUBLICATION, DISTRIBUTION, ETC. (IMPRINT)
Place of publication Delhi
Name of publisher islamic studies asscition
Year of publication January 2018
300 ## - PHYSICAL DESCRIPTION
Number of Pages Vol 39
942 ## - ADDED ENTRY ELEMENTS (KOHA)
Koha item type Journals Subscription
Holdings
Home library Current library Shelving location Date acquired Source of acquisition Cost, normal purchase price Full call number Koha item type
Henry Martyn Institute Library Henry Martyn Institute Library   04/20/2018 islamic studies association 100.00 297 Journals Subscription
                   Copyright © 2026 | Henry Martyn Institute | Hyderabad | TS-500052 | INDIA | Implemented by hmi.edu.in
Hit-Count:

Powered by Koha